Statistics for Eurovision - Which Country Did They Represent? Click Quiz

Click here to take the quiz!

General Stats

  • This quiz has been taken 159 times
  • The average score is 21 of 28

Answer Stats

HintAnswer% Correct
ABBASweden
92%
NicoleGermany
88%
Olivia Newton-JohnUnited Kingdom
86%
Conchita WurstAustria
83%
MåneskinItaly
83%
Marija ŠerifovićSerbia
82%
Marie MyriamFrance
81%
Daði og GagnamagniðIceland
80%
Salvador SobralPortugal
80%
Sertab ErenerTurkey
80%
Johnny LoganIreland
79%
Buranovskiye BabushkiRussia
79%
Verka SerduchkaUkraine
79%
Céline DionSwitzerland
78%
Izhar Cohen and the AlphabetaIsrael
77%
Alexander RybakNorway
77%
Koza Mostra feat. Agathon IakovidisGreece
76%
Duncan LaurenceThe Netherlands
76%
Eleni FoureiraCyprus
73%
SaloméSpain
72%
Senhit ft. Flo RidaSan Marino
69%
The RasmusFinland
68%
The RoopLithuania
68%
SirushoArmenia
67%
Kate Miller-HeidkeAustralia
65%
HooverphonicBelgium
65%
Samira BensaïdMorocco
65%
France GallLuxembourg
58%

Score Distribution

Percentile by Number Answered

Percent of People with Each Score

Your Score History

You have not taken this quiz